000 00297nam a2200097Ia 4500
005 20250424112912.0
008 250424s9999 xx 000 0 und d
300 _a125 p. :ill. ; 29 cm.
650 _aManagement--Nigeria--Periodicals. Nigeria--Economic conditions--1970---Periodicals.
942 _cSR
999 _c37784
_d37784